00683nam a22002177a 450000500170000001000150001702000260003203500140005803700090007208200160008110000280009724500610012525000060018626000410019227000880023330000270032170000310034870000290037970000260040870000310043420260116122005.0 aENG-147509 a9789367139288c825.00 aEN-131041 bDBAD a570.246221 aBhattacharya, Debasmita aBiology for Engineers/cDebasmita Bhattacharya...[et.al] a1 aNoidabPearson India Educationc2026 a15th Floor, Towe-B, World Trade Tower, Plot No.1, Block-C, Sector-16bNoidae201301 a540p.c23cm(pb)bIndex aMukherjee, RuchiraeAuthor aLahiri, DibyajiteAuthor aNag, MoupriyaeAuthor aBanerjee, SubhamoyeAuthor